MLB Teams on a Map Quiz Stats

Quiz Updated May 12, 2016

Also try: NFL Teams on a Map
Challenge
Share
Tweet
Score 0/27 Timer 05:00
3 Plays Today
% Correct
Boston Red Sox
92.4%
Atlanta Braves
91.9%
Chicago Cubs & White Sox
91.9%
New York Mets & Yankees
91.6%
Seattle Mariners
91.6%
Los Angeles Angels & Dodgers
91.5%
Miami Marlins
91.5%
Houston Astros
91.5%
Toronto Blue Jays
91.4%
Colorado Rockies
91.2%
Arizona Diamondbacks
90.9%
Minnesota Twins
90.7%
Pittsburgh Pirates
90.5%
San Francisco Giants
90.3%
% Correct
Texas Rangers
90%
San Diego Padres
89.8%
Detroit Tigers
89.4%
Cleveland Indians
89.3%
Tampa Bay Rays
89%
Philadelphia Phillies
88.7%
Oakland Athletics
88.4%
Kansas City Royals
88.2%
St. Louis Cardinals
87.9%
Baltimore Orioles
87.5%
Washington Nationals
87.5%
Milwaukee Brewers
87.1%
Cincinnati Reds
87%

You're not logged in!

Compare scores with friends on all Sporcle quizzes.
Join for Free
OR
Log In

You Might Also Like...

Show Comments

Extras

Top Quizzes Today


Score Distribution

Your Account Isn't Verified!

In order to create a playlist on Sporcle, you need to verify the email address you used during registration. Go to your Sporcle Settings to finish the process.

Report this User

Report this user for behavior that violates our Community Guidelines.

Details: